000 00413nam a2200181Ia 4500
001 2800
005 20260306144833.0
008 260306t2014||||xx |||||||||||||| ||spa||
041 _aESP
082 _a230.0464
_bM585
100 _aMüller, Gerhard Ludwig
_eAUT
245 0 _aIglesia pobre y para los pobres
260 _c2014
300 _a
_c
650 _aGEN
654 _aCHU
942 _cLIB
_dJUS
_fJUS
_2ddc
_n
999 _c2800
_d2800